LEADER 00959nam a2200217 i 4500 001 000000067959 003 CaOOAMICUS 005 20100615000000.0 008 100615s1955 xx u000 u fre u 013 $a39131 040 $aSeMil$bita 100 1 $aBouyer, Louis,$d<1913-2004>.$0(OLS)http://semarc/name/104 245 10$aAutour d'Érasme :$bétudes sur le christianisme des humanistes catholiques /$cLouis Bouyer. 260 $aParis :$bLes Éditions du Cerf,$c1955. 300 $a193 p. ;$c22 cm. 600 04$aErasmo : da Rotterdam .$0(OLS)http://semarc/subject/3308 650 4$aUmanesimo.$0(OLS)http://semarc/subject/4164 850 $aSeMil 852 $aSeMil$W1$xVenegono$y1$m2O II 69$j34112$B34112$CSeMilBibl$Z2$F34115 $81 996 $6245$aAutour d'Érasme :$bétudes sur le christianisme des humanistes catholiques$9(OLS)http://semarc/title/108398 996 $6260$aParis :$bLes Éditions du Cerf$9(OLS)http://semarc/publisher/29611 LEADER 00928nam a2200205 i 4500 001 000000075733 003 CaOOAMICUS 005 20110705000000.0 008 110705s1802 it u000 u ita u 013 $a46905 026 $aiea; uea- tesi aPea (3) 1802 (A) 040 $aSeMil$bita 245 10$aVol. 1. 300 $a[4], XXXVI, [4], 238, [2] p., [1] carta di tav. ripieg. :$bill. 490 0 $aEdizione delle opere classiche italiane 773 0 $aFirenzuola, Agnolo <1493-1543>$tOpere di messer Agnolo Firenzuola fiorentino. Volume 1. [-5.].$dMilano : Soc. Tip. de' Classici Italiani, contrada del Bocchetto, n. 2536, 1802.$kEdizione delle opere classiche italiane$g1$w()25162 830 0$aEdizione delle opere classiche italiane.$0(OLS)http://semarc/title/33675 850 $aSeMil 852 $aSeMil$W1$xVenegono$y1$m1G I 27 FA$j41885$B41885$CSeMilBibl$Z2$F41889 $8I 996 $6245$aVol. 1$9(OLS)http://semarc/title/13429